La derrota de los pedantes (Record no. 62874)

MARC details
000 -LEADER
campo de control de longitud fija 00809nam a2200241 i 4500
001 - NÚMERO DE CONTROL
campo de control 62874
003 - IDENTIFICADOR DE NÚMERO DE CONTROL
campo de control ES-MaACL
005 - FECHA Y HORA DE LA ÚLTIMA TRANSACCIÓN
campo de control 20250809095017.0
007 - CAMPO FIJO DE DESCRIPCIÓN FÍSICA--INFORMACIÓN GENERAL
campo de control de longitud fija t|
008 - DATOS DE LONGITUD FIJA--INFORMACIÓN GENERAL
campo de control de longitud fija 031126s1973 sp |||| | spa d
020 ## - NÚMERO INTERNACIONAL ESTÁNDAR DEL LIBRO
Número Internacional Estándar del Libro 84-335-8128-7
100 1# - ENTRADA PRINCIPAL--NOMBRE DE PERSONA
Nombre de persona Fernández de Moratín, Leandro,
Fechas asociadas al nombre 1760-1828
9 (RLIN) 49695
245 13 - MENCIÓN DEL TÍTULO
Título La derrota de los pedantes
Resto del título : lección poética /
Mención de responsabilidad, etc. Leandro Fernández de Moratín ; edición, prólogo, notas y glosario de John Dowling.
260 ## - PUBLICACIÓN, DISTRIBUCIÓN, ETC.
Lugar de publicación, distribución, etc. Barcelona :
Nombre del editor, distribuidor, etc. Labor,
Fecha de publicación, distribución, etc. 1973.
300 ## - DESCRIPCIÓN FÍSICA
Extensión 196 p. ;
Dimensiones 18 cm.
490 1# - MENCIÓN DE SERIE
Mención de serie Textos hispánicos modernos ;
Designación de volumen o secuencia 28
500 ## - NOTA GENERAL
Nota general Indices.
504 ## - NOTA DE BIBLIOGRAFÍA, ETC.
Nota de bibliografía, etc. Bibliografía: p. 41-44.
700 1# - ENTRADA AGREGADA--NOMBRE PERSONAL
Nombre de persona Dowling, John.
9 (RLIN) 45533
830 0# - PUNTO DE ACCESO ADICIONAL DE SERIE-TÍTULO UNIFORME
Título uniforme Textos hispánicos modernos ;
Designación de volumen o secuencia 28
9 (RLIN) 181506
852 ## - LOCALIZACIÓN
Ubicación ES-MaACL
Número de control de estantería L-10362
Holdings
Estatus retirado Estado de pérdida Estado de daño No para préstamo Biblioteca de origen Biblioteca actual Ubicación en estantería Fecha de adquisición Fuente de adquisición Total de préstamos Signatura topográfica completa Código de barras Visto por última vez Precio de reemplazo Tipo de ítem Koha
        Biblioteca del Ateneo de Madrid Biblioteca del Ateneo de Madrid Depósito 2 17/01/2008     L-10362 1065913 23/02/2023 23/02/2023 Libro impreso